000
00242 a2200097 4500
001
54955
100
_a
Munson, John C.
245
_a
Software specifications and design
260
_a
NY
_b
Aurebach Pub, NY
_c
2006
090
_c
34042
_d
34042
942
_a
NUST-CAE
_c
MONOGRAPH
_c
26717
999
_c
290028
_d
290028